[Event "Nashville Super Nationals V"]
[Site "Nashville"]
[Date "2013.04.06"]
[Round "3"]
[White "Kranjc, Nathaniel A"]
[Black "Vibbert, Sean"]
[Result "0-1"]
[WhiteElo "2033"]
[BlackElo "2252"]
[PlyCount "90"]
[EventDate "2013.04.05"]
[EventType "swiss"]
[EventRounds "7"]
[EventCountry "USA"]
[SourceTitle "CBM 153 Extra"]
[Source "ChessBase"]
[SourceDate "2013.04.22"]
[SourceVersion "1"]
[SourceVersionDate "2013.04.22"]
[SourceQuality "1"]

1. e4 c5 2. Nc3 Nc6 3. Nf3 d6 4. d4 cxd4 5. Nxd4 Nf6 6. Bc4 Qb6 7. Nxc6 bxc6 8. 0-0 Bg4 9. Qe1 Nd7 10. Na4 Qd4 11. Bb3 Be6 12. Bd2 Bxb3 13. axb3 Nf6 14. Be3 Qxe4 15. Nb6 Rb8 16. Rxa7 g6 17. Qc3 Bg7 18. f3 Ng4 19. fxe4 Bxc3 20. bxc3 Nxe3 21. Rfa1 Nxc2 22. R1a6 Ne3 23. Rc7 0-0 24. Rxc6 Rb7 25. h3 Rfb8 26. b4 f5 27. exf5 gxf5 28. Na4 Kf7 29. Kf2 f4 30. Kf3 Rg8 31. Ra5 Nxg2 32. Rf5+ Ke6 33. Rh5 Rg3+ 34. Kf2 Ra7 35. Nc5+ Kf7 36. Na6 Kg6 37. Ra5 Ne3 38. b5 e5 39. Rxd6+ Kf5 40. b6 Rg2+ 41. Ke1 f3 42. Rd2 Rd7 43. Raa2 Kf4 44. Rxg2 Rd1+ 45. Kf2 Rf1# 0-1